| 000 | 00959nam a22002777a 4500 | ||
|---|---|---|---|
| 001 | 5859 | ||
| 003 | FISKH | ||
| 005 | 20250127092441.0 | ||
| 008 | 250127b cb ||||| |||| 00| 0 eng d | ||
| 020 | _a9780545065955 | ||
| 040 |
_aFISKH _beng _cFISKH _dFISKH |
||
| 050 | _aQE29.C696 | ||
| 082 | _a551 | ||
| 100 | _aLee, Quinlan B | ||
| 245 |
_aThe magic school bus : _bShips out / _cby Quinlan B. Lee |
||
| 260 |
_aNew York : _bScholastic, _c2008. |
||
| 300 |
_a16 unnumbered pages : _bcolor illustrations ; _c19 cm |
||
| 490 |
_aPhonics reading program : _vBook 11. |
||
| 505 | _aE | ||
| 520 | _aWhen Miss Frizzle takes her students on a field trip aboard the Magic School Bus to see a tide pool, the children turn into hermit crabs and get a firsthand look at seaweed, seashells, tides, and more. | ||
| 521 | 8 |
_a270
_bLexile |
|
| 521 | 8 |
_aE
_bRaz-Plus |
|
| 650 |
_aMagic School Bus _vphonics |
||
| 942 |
_2ddc _cBK _n0 |
||
| 999 |
_c5859 _d5859 |
||